000
00273nam a22001217a 4500
008
180205b xxu||||| |||| 00| 0 eng d
041
_a
eng
080
_a
574
100
_a
9
101
_a
mje
245
_a
the logic of strategies planning
_c
john.h.g
942
_2
udc
_c
BK
999
_c
41776
_d
41776